The Laureates' Anthology Vol. II (Record no. 1910)

000 -LEADER
fixed length control field 00559nam a22001817a 4500
005 - DATE AND TIME OF LATEST TRANSACTION
control field 20210427064759.0
008 - FIXED-LENGTH DATA ELEMENTS--GENERAL INFORMATION
fixed length control field 210304s1991 ||||| |||| 00| 0 eng d
040 ## - CATALOGING SOURCE
Original cataloging agency eng
Transcribing agency DLC
041 ## - LANGUAGE CODE
Language code of text/sound track or separate title eng
082 ## - DEWEY DECIMAL CLASSIFICATION NUMBER
Classification number 001
Item number L-38
110 ## - MAIN ENTRY--CORPORATE NAME
9 (RLIN) 1248
Corporate name or jurisdiction name as entry element Scientific American
245 ## - TITLE STATEMENT
Title The Laureates' Anthology Vol. II
Remainder of title : A Collection of Articles by Nobel Prize-Winning Authors
Statement of responsibility, etc. / by: Scientific American
260 ## - PUBLICATION, DISTRIBUTION, ETC.
Place of publication, distribution, etc. USA
Name of publisher, distributor, etc. Scientific American
Date of publication, distribution, etc. 1991
300 ## - PHYSICAL DESCRIPTION
Extent 159 p.
Other physical details ill.
650 #0 - SUBJECT ADDED ENTRY--TOPICAL TERM
9 (RLIN) 681
Topical term or geographic name entry element Science
653 ## - INDEX TERM--UNCONTROLLED
Uncontrolled term მეცნიერება
942 ## - ADDED ENTRY ELEMENTS (KOHA)
Source of classification or shelving scheme
Koha item type periodicals
Holdings
Withdrawn status Lost status Source of classification or shelving scheme Damaged status Not for loan Permanent location Current location Date acquired Inventory number Total Checkouts Full call number Barcode Date last seen Price effective from Koha item type
          Ken Walker International University Ken Walker International University 03/04/2021 1549   001 L-38 1549 03/04/2021 03/04/2021 periodicals

Powered by Koha